Irodalom vagy filozófia? magyar szerelemfilozófiák a kilencvenes évekből: Nádas Péter és Mészáros András /
Elmentve itt :
| Szerző: | |
|---|---|
| Testületi szerző: | |
| Dokumentumtípus: | Könyv része |
| Megjelent: |
2013
|
| Sorozat: | Lábjegyzetek Platónhoz
11 A szerelem 11 |
| Kulcsszavak: | Nádas Péter, Mészáros András, Szerelem - filozófia, Magyar irodalom - esszé, Irodalomelmélet - magyar, Szerelem ábrázolása - irodalmi |
| Tárgyszavak: | |
| Online Access: | http://acta.bibl.u-szeged.hu/49265 |
| LEADER | 01035naa a2200241 i 4500 | ||
|---|---|---|---|
| 001 | acta49265 | ||
| 005 | 20220107111237.0 | ||
| 008 | 170724s2013 hu o 0|| hun d | ||
| 020 | |a 978 963 88812 5 0 | ||
| 022 | |a 1785 7082 | ||
| 040 | |a SZTE Egyetemi Kiadványok Repozitórium |b hun | ||
| 041 | |a hun | ||
| 100 | 1 | |a Perecz László | |
| 245 | 1 | 0 | |a Irodalom vagy filozófia? |h [elektronikus dokumentum] : |b magyar szerelemfilozófiák a kilencvenes évekből: Nádas Péter és Mészáros András / |c Perecz László |
| 260 | |c 2013 | ||
| 300 | |a 154-158 | ||
| 490 | 0 | |a Lábjegyzetek Platónhoz |v 11 | |
| 490 | 0 | |a A szerelem |v 11 | |
| 650 | 4 | |a Bölcsészettudományok | |
| 650 | 4 | |a Filozófia, etika és vallástudományok | |
| 695 | |a Nádas Péter, Mészáros András, Szerelem - filozófia, Magyar irodalom - esszé, Irodalomelmélet - magyar, Szerelem ábrázolása - irodalmi | ||
| 710 | |a Lábjegyzetek Platónhoz: A szerelem (2012) (Szeged) | ||
| 856 | 4 | 0 | |u http://acta.bibl.u-szeged.hu/49265/1/platonhoz_011_154-158.pdf |z Dokumentum-elérés |